call of duty black ops 2 zombies maps ranked - Statistics

General Stats
  • This quiz has been taken 160 times
  • The average score is 8 of 9
Answer Stats
Hint Answer % Correct
4 town
93%
1 buried
91%
6 mob of the dead
91%
8 origins
91%
9 die rise
88%
7 farm
88%
3 tranzit
86%
5 nuketown
74%
2 bus depot
71%
No matching quizzes found
Score Distribution
Percent of People with Each Score
Percentile by Number Answered
Your Score History
You have not taken this quiz